00390 a2200157 450000500170000001000130001702000260003003500130005603700090006908200060007810000170008424500440010126000460014527000190019130000220021020240529153152.0 aB-759255 a9789354712609c295.00 aB-759255 bGift aS aDeary, Terry aFrightful First World War/cTerry Deary aLondonbScholastic Children's Booksc2022 aLondonbLondon a140 p.c19 cm(Pb)